000 01072naa a22002897a 4500
001 BR6004848
003 BR-BrBNA
005 20240918172901.0
007 ta
008 230509b bl.||||| |||| 00| 0 por d
040 _aBR-BrBNA
_bpor
_cBiblioteca Nacional de Agricultura
041 _a(Pt)
072 _aL73
_b6100
_b4150
090 _aL73 BR6004848
100 1 _aRocha, C.W.M. da
100 1 _aSartori, D.
111 1 _a4. Congresso Brasileiro de Avicultura
_cPorto Alegre, RS (Brazil)
_d14 Sep 1975
245 1 _aDoenca de newcastle: isolamento de virus em aves vacinadas e nao vacinadas, imunidade cruzada com amostra la sota
260 3 _aPorto Alegre, RS (Brasil):
_c1975.
500 _aAnais do 4. Congresso Brasileiro de Avicultura Porto Alegre, RS (Brasil): 1975. p. 153-158 (BR6004848-AM)L73
650 _aGALINHA
650 _aNEWCASTLE
650 _aVACINA
773 0 _tAnais do 4. Congresso Brasileiro de Avicultura
_wL73 BR6004848
_gPorto Alegre, RS (Brasil), 1975. p. 153-158
909 _a202404
_bLucia
_c55
_dLucia Elande
942 _cAM
_2AGRIS
999 _c301895
_d301895